Κατάλογος Βιβλιοθηκών Mediterranean College

Organizational Behaviour / Second Edition (Record no. 2772)

MARC details
000 -LEADER
fixed length control field 01580cam a22002054a 4500
005 - ΗΜΕΡΟΜΗΝΙΑ ΚΑΙ ΩΡΑ ΤΕΛΕΥΤΑΙΑΣ ΕΝΗΜΕΡΩΣΗΣ
Πεδίο ελέγχου 20250804123114.0
008 - FIXED-LENGTH DATA ELEMENTS--GENERAL INFORMATION
Πεδίο ελέγχου σταθερού μήκους 250528s ||||||||||||||||||||||||d
035 ## - SYSTEM CONTROL NUMBER
System control number 17346
020 ## - ISBN
ISBN 1861528234
040 ## - ΠΗΓΗ ΚΑΤΑΛΟΓΟΓΡΑΦΗΣΗΣ
Φορέας πρωτότυπης καταλογογράφησης MC Athens Campus Library
Γλώσσα καταλογογράφησης Ελληνικά, Μοντέρνα (1453-)
Modifying agency MC Athens Campus Library
Κανόνες περιγραφικής καταλογογράφησης AACR2
245 1# - ΤΙΤΛΟΣ ΚΑΙ ΔΗΛΩΣΗ ΥΠΕΥΘΥΝΟΤΗΤΑΣ
Τίτλος Organizational Behaviour / Second Edition
250 ## - EDITION STATEMENT
Edition statement 2nd
260 ## - PUBLICATION, DISTRIBUTION, ETC.
Name of publisher, distributor, etc. Thomson,
Date of publication, distribution, etc. 2002
300 ## - PHYSICAL DESCRIPTION
Extent 956
520 ## - SUMMARY, ETC.
Summary, etc. This book is an introduction to organizational behavior and balances sociological and psychological perspectives to provide an ideal core text for students at undergraduate and MBA level. Management and Organizational Behavior, Management and Organizations, The Evolution of Management, Individuals Within Organizations, Perception and Attitude Formation, Personality and Individual Difference, Groups Within Organizations, Group Formation and Structure, Group Dynamics and Effectiveness, Work Design and Technology, Work Design and Organization, Technology and Work, The Structure and Design of Organizations, Organizational Frameworks, Designing Organizations, Organizational Culture, Processes Within Organizations, Learning Within Organizations, Motivation and Performance, Communication and Decision Making and Negotiation, The Management of Organizations, Management Within Organizations, Leadership and Organizations, Ethical Perspectives in Organizational Behavior, Managing Change, The Dynamics of the Work Environment, Power anδ Control, Conflict and Organizational Politics, Stress, Index.
700 1# - ΠΡΟΣΘΕΤΗ ΑΝΑΓΡΑΦΗ--ΦΥΣΙΚΟ ΠΡΟΣΩΠΟ
Personal name Martin, John C.
9 (RLIN) 1087
942 ## - ADDED ENTRY ELEMENTS (KOHA)
Koha item type Books
Holdings
Τύπος τεκμηρίου Βιβλιοθήκη Τρέχουσα τοποθεσία Barcode Αριθμός εισαγωγής Ημερομηνία απόκτησης Ταξιθετικό σύμβολο Αριθμός αντιτύπου Κατάσταση απόσυρσης Κατάσταση χαμένου Κατάσταση κατεστραμμένου Μη δανεισμός Σύνολο δανεισμών Ημερομηνία τελευταίας εμφάνισης Η τιμή ισχύει από
Books MC Athens Campus Library MC Athens Campus Library 9780000027719 1024 05/06/2025 658 MAR 1           05/06/2025 05/06/2025

MC Athens Campus Library
Πατησίων 94 & Κοδριγκτώνος 13, 104 34
Πελλήνης 8 & Πατησίων 107, 112 51
Τ: +30 210 8899600

MC Thessaloniki Campus Library
Ίωνος Δραγούμη 21, 54625 | Ίωνος Δραγούμη 15, 54625
Τ: +30 2310 287779 – Τ: +30 2314 440300